| 000 | 01103 a2200265 4500 | ||
|---|---|---|---|
| 003 | Nust | ||
| 005 | 20170207154022.0 | ||
| 010 | _a 99033476 | ||
| 020 | _a020165783X (alk. paper) | ||
| 040 | _cNust | ||
| 082 | 0 | 0 | _a005.12 |
| 100 | 1 | _aFowler, Martin, | |
| 245 | 1 | 0 |
_aUML distilled :a brief guide to the standard object modeling language -(E-BOOK) _cMartin Fowler with Kendall Scott. |
| 250 | _a2nd ed. | ||
| 260 |
_aReading, Mass. : _bAddison Wesley, _cc2000. |
||
| 300 |
_axxi, 185 p. : _bill. ; _c24 cm. |
||
| 490 | 1 | _aObject technology series | |
| 505 | _aIntroduction (Page-1) Development Process(Page-19) Class Diagrams: The Essentials (Page-35) Sequence Diagrams (Page-53) Class Diagrams: Advanced Concepts (Page-65) Object Diagrams (Page-87) Package Diagrams (Page-89) Deployment Diagrams (Page-97) State Machine Diagrams (Page-107) | ||
| 650 | 0 |
_aComputer software _xDevelopment. |
|
| 650 | 0 | _aObject-oriented methods (Computer science) | |
| 650 | 0 | _aUML (Computer science) | |
| 651 | _aE-BOOK | ||
| 700 | 1 |
_aScott, Kendall, _d1960- |
|
| 830 | 0 | _aAddison-Wesley object technology series. | |
| 942 |
_2ddc _cBK |
||
| 999 |
_c191733 _d191733 |
||